Básnické dielo

Bibliographic Details
Main Author: Ondruš, Ján, 1932-2000 (Author)
Other Authors: Hamala, Milan (Compiler)
Format: Book
Language:Slovak
PhysicalDescription:581 s. fotogr. 21 cm
Published: Bratislava Kalligram Ústav slovenskej literatúry SAV 2011
ISBN:9788081015199
Edition:1. vyd.
Series:Knižnica slovenskej literatúry
Subjects:

MARC

LEADER 00000cam a2200000 a 4500
001 vtls010344395
003 SK-MaSNL
005 20260301173527.0
008 251029s2011 xo o g 000 u slo
015 |a SNBA2012/05-02459 
020 |a 9788081015199  |q (viaz.) 
035 |a B64534D2-9B17-462E-838F-4F7911C423F7 
035 |a urn:nbn:sk:snk-amkvyx 
035 |a urn:nbn:sk:snk-am002gy6 
040 |a SNK  |b slo  |c SNK  |e AACR2 
041 0 |a slo 
044 |a xo  |c SK 
072 7 |a 821.162.4-1  |x Slovenská poézia  |2 konspekt 
080 |a 821.162.4-1  |2 2001 
080 |a 821.162.4-051  |2 2001 
080 |a (082.21)  |2 2001 
080 |a (0:82-94)  |2 2001 
100 1 |a Ondruš, Ján,  |d 1932-2000  |4 aut  |9 246127 
245 1 0 |a Básnické dielo  |c Ján Ondruš ; [výber zostavil, komentáre a vysvetlivky a doslov napísal Milan Hamala] 
250 |a 1. vyd. 
260 |a Bratislava  |b Kalligram  |b Ústav slovenskej literatúry SAV  |c 2011 
300 |a 581 s.  |b fotogr.  |c 21 cm 
490 1 |a Knižnica slovenskej literatúry  |v zv. 37 
500 |a Kalendárium. Vysvetl. 
504 |a Bibliogr. odkazy 
600 1 7 |a Ondruš, Ján,  |d 1932-2000  |2 SNKMA  |9 246127 
650 0 7 |a slovenskí spisovatelia  |2 SNKPH  |9 1258 
650 0 7 |a Slovak authors  |2 SNKPHeng  |9 268018 
650 0 7 |a spomienky  |2 SNKPH  |9 55795 
655 7 |a slovenská poézia  |2 SNKPH  |9 70444 
655 7 |a výbery  |2 SNKPH  |9 67620 
655 7 |a Slovak poetry  |2 SNKPHeng  |9 265010 
655 7 |a Selections  |2 SNKPHeng  |9 277174 
655 7 |a Reminiscences  |2 SNKPHeng  |9 93477 
700 1 |a Hamala, Milan  |4 com  |9 520655 
830 0 |a Knižnica slovenskej literatúry  |9 328625 
852 |a Štátna vedecká knižnica v Banskej Bystrici 
919 |a 978-80-8101-519-9 
968 |d 821 
999 |c 836921  |d 838851 
952 |a SNK  |b SNK  |y PREZ  |7 0  |p 17A0885485  |o snkSC 148965  |i snk2012/7081  |8 0  |0 0  |1 0  |4 0  |d 2012-03-30  |l 0  |r 2025-07-17 00:00:00  |w 2026-02-24 
952 |a SNK  |b SNKPULT  |y VYP  |7 0  |p 17A0885484  |o snkSC 148965 D1  |i snk2012/7082  |8 0  |0 0  |1 0  |4 0  |d 2012-03-30  |l 1  |m 3  |q 2026-06-15  |r 2026-02-28 18:44:56  |s 2026-02-28  |w 2026-02-24